Recueil alphabétique des questions de droit qui se présentent le plus fréquemment dans les tribunaux; ouvrage dans leuel l'auteur a fondu et clssé un grand nombre de ses plaidoyers et réquisitoire, avec le texte des arrêtes de la cour de cassation qui s'en sont ensuivis

Detalles Bibliográficos
Otros Autores: Merlin, M., rev
Formato: Libro
Lenguaje:French
Publicado: Paris : chez Remoissenet, libraire, propriétaire-éditeur, 1829-1830.
Edición:Quatrième edition, revue, corrigée et considérablement augmentée; par M. Merlin, ancien procureur-général á la Cour de Cassation
Materias:
Colección:Banco de datos
Acervo:Biblioteca del Museo Regional de Durango. UJED Ángel Rodríguez Solórzano. Fondo Antiguo
Descripción Física:8 t. ; 4°
Tema general:Derecho civil
Notas:Portada tipográfica con plecas. Título de la anteportada: Recueil alphabétique des questions de droit. Texto a dos columnas con notas a pie de página. Cada tomo con portada y numeración propias. Año de los t. 1-4, 7, 8 publicados en 1830; t. 5-6: 1829. Paginación: t. 1 782 p.; t. 2 774 p.; t. 3 769 p.; t. 4 729 p.; t. 5 668 p.; t. 6 685 p.; t. 7 629 p.; t. 8 806 p. Incluyen cabeceras de título. Encuadernación en cartón con lomo en piel. Sello en tinta de la Rectoría del Instituto Juárez (260-266). Daños de polilla (266)
LEADER 01882nam a22002170004500
035 |a 154 
041 0 |a fre 
245 1 0 |a Recueil alphabétique des questions de droit qui se présentent le plus fréquemment dans les tribunaux; ouvrage dans leuel l'auteur a fondu et clssé un grand nombre de ses plaidoyers et réquisitoire, avec le texte des arrêtes de la cour de cassation qui s'en sont ensuivis 
250 |a Quatrième edition, revue, corrigée et considérablement augmentée; par M. Merlin, ancien procureur-général á la Cour de Cassation 
260 |a Paris : chez Remoissenet, libraire, propriétaire-éditeur, 1829-1830. 
300 |a 8 t. ; 4° 
500 |a Portada tipográfica con plecas. Título de la anteportada: Recueil alphabétique des questions de droit. Texto a dos columnas con notas a pie de página. Cada tomo con portada y numeración propias. Año de los t. 1-4, 7, 8 publicados en 1830; t. 5-6: 1829. Paginación: t. 1 782 p.; t. 2 774 p.; t. 3 769 p.; t. 4 729 p.; t. 5 668 p.; t. 6 685 p.; t. 7 629 p.; t. 8 806 p. Incluyen cabeceras de título. Encuadernación en cartón con lomo en piel. Sello en tinta de la Rectoría del Instituto Juárez (260-266). Daños de polilla (266) 
504 |a Al principio de cada tomo está el catálogo de libreros (260-265)  
504 |a Al final del t. 8 está la fe de erratas 
505 0 0 |a t. 1 A-BAN.-- t. 2 BEL.-CUR.-- t. 3 DATE.- ÉPO.-- t. 4 ERR.- INS.-- t. 5 INS.- NUL.-- t. 6 OBL.- REN.-- t. 7 REN.- SUB.-- t. 8 SUB.- WIS 
650 1 0 |a Derecho civil 
700 1 |a Merlin, M., rev. 
949 |a Biblioteca del Museo Regional del Estado de Durango, Fondo Antiguo t. 1 (260); t. 2 (261); t. 3 (262); t. 4 (263); t. 5 (264); t. 6 (265); t. 7 (266); t. 8 (267) 
942 |c MUSEODURAN 
943 |g Biblioteca del Museo Regional de Durango. UJED Ángel Rodríguez Solórzano. Fondo Antiguo 
999 |c 976120  |d 976120